000 01762nam a2200241Ii 4500
008 221202s xx 000 0 und d
100 1 _aMillard, Chris,
_eauthor
245 2 _aA History of Self-Harm in Britain
246 _aA Genealogy of Cutting and Overdosing
264 1 _aBasingstoke
_bSpringer Nature
_c2015
300 _a1 online resource (268 pages)
336 _atext
_btxt
_2rdacontent
337 _acomputer
_bc
_2rdamedia
338 _aonline resource
_bcr
_2rdacarrier
520 _aThis book is the first account of self-harming behaviour in its proper historical and political context. The rise of self-cutting and overdosing in the 20th century is linked to the sweeping changes in mental and physical health, and wider political context. The welfare state, social work, Second World War, closure of the asylums, even the legalization of suicide, are all implicated in the prominence of self harm in Britain. The rise of 'overdosing as a cry for help' is linked to the integration of mental and physical healthcare, the NHS, and the change in the law on suicide and attempted suicide. The shift from overdosing to self-cutting as the most prominent 'self-damaging' behaviour is also explained, linked to changes in hospital organization and the wider rise of neoliberal politics. Appreciation of history and politics is vital to understanding the psychological concerns over these self-harming behaviours.
653 _aBritain
653 _aOverdosing
653 _aPolitical Context
653 _aSelf Harm
653 _aSelf-Harming Behaviour
856 _uhttps://docs.google.com/spreadsheets/d/1yKIrdCPDAG_9c22mwoOIO2DOhtj65Wqa/edit?usp=sharing&ouid=106555315294820607512&rtpof=true&sd=true
_yList of Curated E-Books
942 _cE-BOOK
999 _c91307
_d91304